00386nam a2200157Ia 450000500170000000800410001702000150005808200210007310000140009410000140010824500240012226000410014630000120018765000100019965000190020920250205055822.0240331s9999 xx 000 0 und d a8179926311 bPHE26022a305.4 aPhelps, S aAustin, N 4aThe Assertive Women aMumbaibJaico Publishing Housec2006 a240 p., aWomen aAssertiveness